| 000 | 00600nam a22001697a 4500 | ||
|---|---|---|---|
| 008 | 160516b xxu||||| |||| 00| 0 eng d | ||
| 020 | _a9715504388 | ||
| 082 |
_22003 _aDFil 320.9599 _bM27s |
||
| 100 |
_98305 _aMagadia, Jose J. |
||
| 245 |
_aState-society dynamics: _bpolicy making in a restored democracy/ _cJose J. Magadia. |
||
| 260 |
_aManila: _bAteneo De Manila University Press, _cc2003. |
||
| 300 |
_ax, 226 pages; _c23 cm. |
||
| 500 | _aIncludes bibliographical references and index. | ||
| 650 | 0 |
_98310 _aPhilippines _xPolitics and government |
|
| 365 |
_b348.00 _cPhp |
||
| 942 |
_2ddc _cDFIL |
||
| 999 |
_c2513 _d2513 |
||